00330nam a2200109Ia 4500008004100000082001500041100002800056245004300084260003400127300001400161500004500175220610s9999 xx 000 0 und d a891.4bWAY aWayghralkar Gopalkrushn aMe Kasa Aahe ? Me Kasa Hawa? (Marathi) aNagpurbRucha Prakashanc2015 a144 PbPB a"Doneted by Dr. Shailesh Pitale, Nagpur"